Entry Nome pessoal
001 - NÚMERO DE CONTROLE
- campo de controle: 1011
003 - IDENTIFICADOR DO NÚMERO DE CONTROLE
- campo de controle: Br
005 - DATA E HORÁRIO DA ÚLTIMA TRANSAÇÃO
- campo de controle: 20250902075314.0
008 - CAMPO DE DADOS FIXOS
- campo de controle de tamanho fixo: 970922 | acnacab|n a aaa
024 7# - OUTRO IDENTIFICADOR PADRÃO
- Número padrão ou código: http://viaf.org/viaf/22139667
- Fonte: VIAF
024 7# - OUTRO IDENTIFICADOR PADRÃO
- Número padrão ou código: http://id.loc.gov/authorities/names/n50012173
- Fonte: LCCN
035 ## - NÚMERO DE CONTROLE DO SISTEMA
- Número de Controle do Sistema: 97110713373456E16
040 ## - FONTE DA CATALOGAÇÃO
- Instituição da catalogação original: Br
- Instituição que transcreveu o registro: Br
- Idioma da catalogação: por
100 0# - CABEÇALHO--NOME PESSOAL
- Nome pessoal: Carybé,
- Datas associadas ao nome: 1911-1997
400 1# - REMISSIVA VER--NOME PESSOAL
- Nome pessoal: Bernabó, Julio Páride
- Datas associadas ao nome: 1911-1997
400 1# - REMISSIVA VER--NOME PESSOAL
- Nome pessoal: Páride Bernabó, Julio
- Datas associadas ao nome: 1911-1997
400 1# - REMISSIVA VER--NOME PESSOAL
- Nome pessoal: Bernabó, Hector Julio Páride
- Datas associadas ao nome: 1911-1997
400 1# - REMISSIVA VER--NOME PESSOAL
- Nome pessoal: Bernabó, Hector J. P.
- Datas associadas ao nome: 1911-1997
400 0# - REMISSIVA VER--NOME PESSOAL
- Nome pessoal: H. B.
- Datas associadas ao nome: 1911-1997
670 ## - FONTE POSITIVA DOS DADOS
- Citação da fonte positiva dos dados: Autor de: Festa do Bonfim. 1951
670 ## - FONTE POSITIVA DOS DADOS
- Citação da fonte positiva dos dados: Dic. bras. art. plásticos
- Dados encontrados na fonte localizada no subcampo: (d.n. ; rem.)
670 ## - FONTE POSITIVA DOS DADOS
- Citação da fonte positiva dos dados: Delta
- Dados encontrados na fonte localizada no subcampo: (d.n. ; rem. ; pintor argentino, naturalizado brasileiro)
670 ## - FONTE POSITIVA DOS DADOS
- Citação da fonte positiva dos dados: QQ nas artes e letras do Brasil
- Dados encontrados na fonte localizada no subcampo: (d.n.)
670 ## - FONTE POSITIVA DOS DADOS
- Citação da fonte positiva dos dados: JB 02/10/97
- Dados encontrados na fonte localizada no subcampo: (d.m.)
670 ## - FONTE POSITIVA DOS DADOS
- Citação da fonte positiva dos dados: LC authorities 03/09/2020
- Dados encontrados na fonte localizada no subcampo: (d.n. ; d.m.).
670 ## - FONTE POSITIVA DOS DADOS
- Citação da fonte positiva dos dados: https://pt.wikipedia.org/wiki/Carybé 04/10/2017
- Dados encontrados na fonte localizada no subcampo: (n.c.: Hector Julio Páride Bernabó, nasceu em Lanús, 7 de fevereiro de 1911 e faleceu em Salvador, 2 de outubro de 1997 ; pintor, gravador, desenhista, ilustrador, ceramista, escultor, muralista, pesquisador, historiador e jornalista argentino, brasileiro naturalizado e residente no Brasil desde 1949 até sua morte)
670 ## - FONTE POSITIVA DOS DADOS
- Citação da fonte positiva dos dados: http://enciclopedia.itaucultural.org.br/pessoa1199/carybe 04/10/2017
- Dados encontrados na fonte localizada no subcampo: (D. ; pintor, gravador, desenhista, ilustrador, mosaicista, ceramista, entalhador, muralista. Outros nomes: Hector J. P. Bernabó ; H. B.)
670 ## - FONTE POSITIVA DOS DADOS
- Citação da fonte positiva dos dados: Liv. cat
670 ## - FONTE POSITIVA DOS DADOS
- Citação da fonte positiva dos dados: VIAF 03/09/2020
675 ## - FONTE NEGATIVA DOS DADOS
- Citação da fonte positiva dos dados: CA-FGV